Champions League Winners - Statistics

General Stats
  • This quiz has been taken 19 times
  • The average score is 13 of 15
Answer Stats
Hint Answer % Correct
1956 Real Madrid
100%
2010 Inter Milan
94%
1977 Liverpool
94%
2005 Liverpool
94%
2019 Liverpool
94%
1968 Manchester United
94%
1999 Manchester United
94%
1994 AC Milan
89%
2012 Chelsea
89%
2023 Manchester City
89%
2025 Paris Saint Germain
89%
2004 FC Porto
78%
1993 Marseille
67%
1982 Aston Villa
61%
1986 Steaua Bucharest
28%
No matching quizzes found
Score Distribution
Percent of People with Each Score
Percentile by Number Answered
Your Score History
You have not taken this quiz